| 000 | 00930nmc a2200325 a 4500 | ||
|---|---|---|---|
| 003 | AR-BaBNM | ||
| 005 | 20251128211831.0 | ||
| 008 | 106120s2006 ||||||||||||||000 | spa|| | ||
| 020 | _a950-550-317-2 | ||
| 040 | _cAR-BaBNM | ||
| 100 | 1 | _aYentel, Nora | |
| 245 | 1 | 0 |
_aInstitución y cambio educativo _buna relación interferida |
| 250 | _a1ª ed. | ||
| 260 |
_aBuenos Aires _bMagisterio del Río de la Plata _c2006 |
||
| 300 | 0 | _a287 p. | |
| 490 | 0 | _aRespuestas educativas | |
| 504 | _aContiene referencias bibliográficas | ||
| 610 | 2 | 4 | _aPrograma EMETA |
| 650 | 4 | _aENSENANZA TECNICA | |
| 650 | 4 | _aPOLITICA EDUCATIVA | |
| 650 | 4 | _aESTUDIOS DE CASOS | |
| 650 | 4 | _aPROGRAMAS DE EDUCACION | |
| 651 | 4 | _aNeuquén [Provincia] | |
| 653 | 0 | _aCAMBIO EDUCATIVO | |
| 653 | 0 | _aINSTITUCIONES EDUCATIVAS | |
| 653 | 0 | _aANALISIS INSTITUCIONAL | |
| 653 | 0 | _aEDUCACION SECUNDARIA | |
| 942 | _cBK | ||
| 998 | _cme-solo cat | ||
| 999 |
_c21308 _d21308 |
||